000 00302nam a2200121Ia 4500
008 220901s9999||||xx |||||||||||||| ||und||
082 _a520 BAL
100 _aBalaram, P.
245 0 _aCurrent science
250 _aVol.83 Issue 1, 2 & 3
260 _bIndian Academy Science
_c2002
650 _aPhysics
999 _c193954
_d193954